Quiz about YOASOBI - Statistics

General Stats
  • This quiz has been taken 361 times
  • The average score is 17 of 28
Answer Stats
EP Song % Correct
Country of origin Japan
97%
Producer Ayase
94%
Year of creation 2019
93%
Vocalist Ikura
92%
Genre J-Pop
88%
Kaibutsu
79%
Yoru ni Kakeru
79%
Tabun
70%
Gunjou
67%
Monster
64%
Halzion
59%
Sangenshoku
59%
E-Side Into The Night
57%
The Book Encore
56%
Haruka
56%
Taishou Romance
56%
Encore
55%
Ano Yume wo Nazotte
52%
Blue
51%
Love Letter
51%
RGB
51%
Comet
46%
The Book 2 Tsubame
40%
Mou Sukoshi Dake
39%
Haven't
37%
Yasashii Suisei
36%
Tracing A Dream
34%
Moshimo Inochi ga Egaketara
26%
No matching quizzes found
Score Distribution
Percent of People with Each Score
Percentile by Number Answered
Your Score History
You have not taken this quiz